| 000 | 01188cam a2200205 4500 | ||
|---|---|---|---|
| 001 | ABS66768 | ||
| 008 | 030620n2003 000 0 eng u | ||
| 035 | _a(Sirsi) u122680 | ||
| 100 | _aWilliams, P. | ||
| 245 | _aDDA: a legal case study | ||
| 260 | _c2003 | ||
| 490 |
_aAccess by Design _v(95) Summer 2003, 11-12(2) |
||
| 520 | _aLooks at scenarios in which the Disability Discrimination Act 1995 affects the behaviour of a professional asked to advise on its implications. It suggests that when advising a retailer on the legal implications of installing a ramp, consideration should be made as to whether it should be built instead of, or in addition to, steps, whether landlords' consent is needed and could they refuse, whether landlords can require it to be removed at the end of the lease and whether it will affect lease rent review arrangements. Advises individual legal advice should be taken in individual cases. | ||
| 590 | _aABS | ||
| 650 | _aDISABILITY DISCRIMINATION ACT 1995 | ||
| 650 | _aRAMPS | ||
| 650 | _aMANAGEMENT-BUSINESS MANAGEMENT-DISCRIMINATION-DISABILITY DISCRIMINATION-ACCESSIBILITY | ||
| 690 | _aBUILT ENVIRONMENT-CONSTRUCTION DESIGN | ||
| 942 | _n0 | ||
| 999 |
_c72896 _d72896 |
||